Posudzovanie a riadenie rizík
Manažment rizika. Základné pojmy súvisiace s rizikom a haváriami. Dohovor o priemyselných haváriách a nehodách. Analýza a posudzovanie rizika.
Guardado en:
| Autor principal: | |
|---|---|
| Otros Autores: | |
| Formato: | Capítulo de libro |
| Lenguaje: | eslovaco |
| Materias: | |
| Etiquetas: |
Sin Etiquetas, Sea el primero en etiquetar este registro!
|
MARC
| LEADER | 00000naa a2200000 4500 | ||
|---|---|---|---|
| 001 | 0163740 | ||
| 005 | 20240502072840.3 | ||
| 041 | 0 | |a slo | |
| 044 | |a SK | ||
| 245 | 1 | 0 | |a Posudzovanie a riadenie rizík |c Heidy Schwarczová, Vojtech Kollár |
| 520 | |a Manažment rizika. Základné pojmy súvisiace s rizikom a haváriami. Dohovor o priemyselných haváriách a nehodách. Analýza a posudzovanie rizika. | ||
| 610 | 2 | 0 | |a riadenie rizík |
| 610 | 2 | 0 | |a podnik |
| 610 | 2 | 0 | |a havárie |
| 610 | 2 | 0 | |a riziko |
| 610 | 2 | 0 | |a analýzy |
| 610 | 2 | 0 | |a rizikovosť práce |
| 100 | 1 | |a Schwarczová, Heidy | |
| 700 | 1 | |a Kollár, Vojtech | |